Zdaňovanie alkoholu a alkoholických nápojov v SR v kontexte daňovej harmonizácie
Harmonizácia spotrebných daní z alkoholu a alkoholických nápojov v Európskej únii. Krajiny využívajúce pri pive sadzbu dane podľa obsahu alkoholu. Zdaňovanie alkoholu a alkoholických nápojov v Slovenskej republike. Sadzby dane z vína k 1.1.2012 a 1.3.2012. Výška spotrebnej dane z liehu v okolitých k...
Saved in:
| Main Author: | |
|---|---|
| Format: | Book Chapter |
| Language: | Slovak |
| Subjects: | |
| Tags: |
No Tags, Be the first to tag this record!
|
MARC
| LEADER | 00000naa$a2200000$$$4500 | ||
|---|---|---|---|
| 001 | 0160147 | ||
| 005 | 20240502083354.8 | ||
| 041 | 0 | |a slo | |
| 044 | |a CZ | ||
| 245 | 1 | 0 | |a Zdaňovanie alkoholu a alkoholických nápojov v SR v kontexte daňovej harmonizácie |c Ján Solík |
| 520 | |a Harmonizácia spotrebných daní z alkoholu a alkoholických nápojov v Európskej únii. Krajiny využívajúce pri pive sadzbu dane podľa obsahu alkoholu. Zdaňovanie alkoholu a alkoholických nápojov v Slovenskej republike. Sadzby dane z vína k 1.1.2012 a 1.3.2012. Výška spotrebnej dane z liehu v okolitých krajinách k 1.7.2012. | ||
| 610 | 2 | 0 | |a dane spotrebné |
| 610 | 2 | 0 | |a zdaňovanie |
| 610 | 2 | 0 | |a dane z hodnoty pridanej |
| 610 | 2 | 0 | |a sadzby daňové |
| 610 | 2 | 0 | |a nápoje alkoholické |
| 610 | 2 | 0 | |a víno |
| 610 | 2 | 0 | |a pivo |
| 610 | 2 | 0 | |a harmonizácia |
| 610 | 2 | 0 | |a smernice |
| 610 | 2 | 0 | |a legislatíva |
| 610 | 2 | 0 | |a Slovensko |
| 610 | 2 | 0 | |a Európska únia |
| 100 | 1 | |a Solík, Ján | |